000 00444nam a2200169Ia 4500
005 20250424120216.0
008 250424s9999 xx 000 0 und d
022 _a19276990
050 _aRA 395.I5 .J68/
245 0 _a Journal of Hospital Administration
260 _aCanada
260 _bSciedu press
260 _c2014
300 _a28 p. :ill. ; 28 cm.
650 _aHospitals--India--Administration--Periodicals.
942 _cSR
999 _c38006
_d38006